Statistics for Selena Gomez songs by album

Click here to take the quiz!

General Stats

  • This quiz has been taken 276 times
  • The average score is 42 of 68

Answer Stats

Selena GomezAnswer% Correct
A Year Without Rain
92%
A YEAR WITHOUT RAIN (Deluxe)Un Ano Sin Ver Llover
90%
I Like It That Way
85%
STARS DANCE (Target Exclusive)Lover In Me
85%
REVIVALRevival
84%
Stars Dance
84%
Hands To Myself
81%
Naturally
81%
WHEN THE SUN GOES DOWNLove You Like A Love Song
80%
Dices (Who Says Spanish)
79%
WHEN THE SUN GOES DOWN (Target Exclusive)Fantasma De Amor
79%
Good For You
79%
Kiss & TellKiss & Tell
79%
Who Says
79%
Slow Down
78%
Same Old Love
77%
Come & Get It
76%
When The Sun Goes Down
74%
STARS DANCEBirthday
73%
Kill Em With Kindness
73%
A YEAR WITHOUT RAINRound & Round
69%
Hit The Lights
68%
Tell Me Something I Don't Know
68%
REVIVAL (Deluxe)Me & My Girls
67%
Nobody
63%
Perfect
63%
Sober
63%
Falling Down
60%
Ghost Of You
60%
Me & The Rhythm
59%
Rise
59%
Rock God
59%
Camouflage
58%
Love Will Remember
58%
Body Heat
57%
Bang Bang Bang
56%
Like A Champion
56%
Survivors
56%
As A Blonde
55%
BEAT
55%
I Won't Apologize
55%
Cologne
54%
My Dilemma
54%
Whiplash
53%
Crush
51%
Live Like There's No Tomorrow
51%
Outlaw
50%
Sick Of You
50%
Undercover
50%
We Own The Night
50%
Write Your Name
49%
Save The Day
48%
Forget Forever
47%
Intuition
47%
Middle Of Nowhere
47%
More
47%
Off The Chain
47%
Spotlight
47%
Outta My Hands (Loco)
46%
Summer's Not Hot
46%
The Way I Loved You
46%
I Promise You
45%
STARS DANCE (iTunes Bonus)Nobody Does It Like You
45%
Stop And Erase
45%
That's More Like It
45%
I Don't Miss You At All
44%
I Got U
41%
Music Feels Better
41%

Score Distribution

Percentile by Number Answered

Percent of People with Each Score

Your Score History

You have not taken this quiz